Normal view
MARC view
- النووي، يحيى بن شرف بن مري، 631-676 هـ
Entry Personal Name
001 - CONTROL NUMBER
- control field: 56471
003 - CONTROL NUMBER IDENTIFIER
- control field: JO-AjAnu
005 - DATE AND TIME OF LATEST TRANSACTION
- control field: 20230606083244.0
008 - FIXED-LENGTH DATA ELEMENTS
- fixed length control field: 230606|| aca||aabn | a|a d
040 ## - CATALOGING SOURCE
- Original cataloging agency: JO-AjAnu
- Transcribing agency: JO-AjAnu
100 ## - HEADING--PERSONAL NAME
- Personal name: النووي، يحيى بن شرف بن مري، 631-676 هـ
670 ## - SOURCE DATA FOUND
- Source citation: Work cat.: (JO-AjAnu)28816: النووي، يحيى بن شرف بن مري، 631-676 هـ, author, المنهاج في شرح صحيح مسلم بن الحجاج: شرح النووي علي مسلم